000 01000nam a2200169 a 4500
008 071009s1999 ||||||||||||||||| || u
050 _aHC 915 Zam
245 0 0 _aZambia at 33
_cRepublic of Zambia
260 _aNew Delhi
_bHigh Commission of the Republic of Zambia,New Delhi
_c1999
300 _a118p.:ill.
350 _a0.00
650 _aZAMBIA
995 _aSPECIAL COLLECTIONS
_D0.00
_e730065
_FCBU-MAIN LIBRARY (Kitwe)
_H1
_I0.00
_jZAM HC 915 ZAM
_M1
_UAVAILABLE
_WOct 9, 2007
_y027307
_ZZambiana Collection
995 _aANNEX COLLECTION (Main Library)
_D0.00
_e729487
_FCBU-MAIN LIBRARY (Kitwe)
_H1
_I0.00
_jHC 915 ZAM
_M4
_UAVAILABLE
_WOct 9, 2007
_y021582
_ZAnnex Low-Usage Collection
995 _aMAIN LIBRARY OPEN ACCESS
_D0.00
_e730257
_FCBU-MAIN LIBRARY (Kitwe)
_H1
_I0.00
_jHC 915 ZAM
_M1
_UAVAILABLE
_WOct 9, 2007
_y55604
_ZMain Library Open Access Collection
995 _aSPECIAL COLLECTIONS
_D0.00
_e730256
_FCBU-MAIN LIBRARY (Kitwe)
_H1
_I0.00
_jZAM HC 915 ZAM
_M1
_UAVAILABLE
_WOct 9, 2007
_y027658
_ZZambiana Collection
999 _c83370
_d83370